Súčasný španielsky ekonomický jazyk

Charakteristika súčasného španielskeho ekonomického jazyka. Slovotvorba (morfologická aj sémantická), výskyt výpožičiek, predovšetkým anglicizmov, používanie metafor (lexikalizovaných a okazionálnych) a iných frazeologických spojení a výrazov.

Gespeichert in:
Bibliographische Detailangaben
1. Verfasser: Spišiaková, Mária, 1973-
Format: Buchkapitel
Sprache:Slowakisch
Schlagworte:
Tags: Tag hinzufügen
Keine Tags, Fügen Sie das erste Tag hinzu!

MARC

LEADER 00000naa a2200000 4500
001 0246819
005 20240502073947.5
041 0 |a slo 
044 |a SK 
245 1 0 |a Súčasný španielsky ekonomický jazyk  |c Mária Spišiaková 
520 |a Charakteristika súčasného španielskeho ekonomického jazyka. Slovotvorba (morfologická aj sémantická), výskyt výpožičiek, predovšetkým anglicizmov, používanie metafor (lexikalizovaných a okazionálnych) a iných frazeologických spojení a výrazov. 
610 2 0 |a španielčina 
610 2 0 |a ekonómia 
610 2 0 |a jazyky cudzie 
610 2 0 |a jazykoveda 
100 1 |a Spišiaková, Mária, 1973-